[Event "France-ch U14 Girls"]
[Site "Reims"]
[Date "2004.04.18"]
[Round "1"]
[White "Metrot, Cindy"]
[Black "Le Bail, Clara"]
[Result "0-1"]
[WhiteElo "1420"]
[BlackElo "1920"]
[PlyCount "116"]
[EventDate "2004.04.??"]
[EventType "swiss"]
[EventRounds "9"]
[EventCountry "FRA"]
[SourceTitle "EXT 2005"]
[Source "ChessBase"]
[SourceDate "2004.11.15"]
[SourceVersion "1"]
[SourceVersionDate "2004.11.15"]
[SourceQuality "1"]

1. e4 e6 2. d4 d5 3. exd5 exd5 4. Qf3 Bd6 5. Nc3 Ne7 6. Bd3 Nbc6 7. Be3 Nb4 8. Bg5 Nxd3+ 9. Qxd3 c6 10. Nge2 Qc7 11. g3 Bf5 12. Qd2 0-0 13. 0-0 Rfe8 14. Rac1 Bg6 15. Nf4 Nf5 16. Nxg6 hxg6 17. Rfe1 Qb6 18. b3 Nxd4 19. Qd3 Ne6 20. Na4 Qc7 21. Bd2 Nc5 22. Nxc5 Bxc5 23. b4 Bd6 24. Bc3 Be5 25. Bd2 Qd6 26. a3 Re7 27. Be3 d4 28. Bd2 Rae8 29. f4 Bf6 30. c4 Rxe1+ 31. Rxe1 Rxe1+ 32. Bxe1 b6 33. Bf2 c5 34. b5 Qe7 35. a4 g5 36. f5 g4 37. Kg2 Bg5 38. h3 gxh3+ 39. Kxh3 Be3 40. Be1 Qb7 41. Kh2 Qf3 42. Qc2 Kf8 43. Qd3 Bg1+ 44. Kxg1 Qxd3 45. g4 Qe3+ 46. Bf2 Qa3 47. Bh4 Qxa4 48. g5 d3 49. Be1 d2 50. Bxd2 Qd1+ 51. Kf2 Qxd2+ 52. Kf1 Ke7 53. Kg1 Kd6 54. g6 fxg6 55. fxg6 Ke5 56. Kf1 Kf4 57. Kg1 Kg3 58. Kf1 Qd1# 0-1